| 000 | 00585nam a22001577a 4500 | ||
|---|---|---|---|
| 005 | 20251108164236.0 | ||
| 008 | 250721s1970 xx 000 0 ara d | ||
| 082 | 1 | 4 | _aم/338.91/ج |
| 245 | 1 | 0 | _aدليل المعونات الفنية للأمم المتحدة / |
| 264 | 1 |
_aالقاهره : _bالشركة المصرية للطباعة و النشر، _c1970. |
|
| 300 | _a124ص | ||
| 650 | 1 | 7 | _aالمساعدة الفنية |
| 710 | 2 | _aجامعة الدول العربية - مركز التنمية الصناعية للدول العربية | |
| 942 |
_2ddc _cREF |
||
| 999 |
_c7247 _d7247 |
||